000 00363nam a2200157Ia 4500
003 OSt
005 20240120104957.0
008 170524s9999 xx 000 0 und d
020 _a 9780070634190
040 _cIIMT UNIVERSITY
100 _aRaman B V
245 0 _aHigher Engineering Mathematicse
260 _bNew Delhi TMH
260 _c2008
942 _2ddc
_c02
999 _c5519
_d5519